Minecraft - Tous les Mobs - Statistiques

Statistiques générales
  • Ce quiz a été pris 6 723 fois
    1 472 depuis la dernière actualisation
  • Le résultat moyen est 41 sur 86
Statistiques - réponses
Types Mobs % Correct
Hostile Zombie
96%
Passif Vache
92%
Passif Cochon
91%
Hostile Squelette
91%
Neutre Enderman
90%
Boss Ender Dragon
84%
Passif Mouton
83%
Neutre Golem de fer
82%
Passif Poulet
82%
Hostile Creeper
79%
Neutre Loup
79%
Passif Villageois
78%
Boss Wither
77%
Neutre Piglin
76%
Passif Chat
71%
Passif Cheval
71%
Hostile Sorcière
71%
Neutre Araignée
70%
Passif Perroquet
70%
Passif Saumon
69%
Hostile Ghast
67%
Hostile Warden
67%
Hostile Noyé
66%
Hostile Blaze
65%
Passif Golem de neige
64%
Neutre Ours polaire
63%
Hostile Wither squelette
63%
Hostile Shulker
62%
Neutre Dauphin
61%
Passif Grenouille
60%
Hostile Slime
59%
Passif Golem de cuivre
58%
Passif Lapin
58%
Neutre Panda
58%
Hostile Endermite
57%
Neutre Piglin zombifié
57%
Passif Ocelot
53%
Passif Âne
52%
Hostile Pillard
52%
Passif Dromadaire
50%
Hostile Gardien
50%
Neutre Lama
47%
Passif Poisson-globe
47%
Passif Poulpe
47%
Neutre Abeille
46%
Hostile Cube de magma
43%
Passif Renard
43%
Passif Poisson tropical
41%
Hostile Poisson d'argent
40%
Passif Chauve-souris
39%
Neutre Chèvre
39%
Hostile Hoglin
39%
Passif Morue
39%
Passif Tortue
39%
Passif Mule
37%
Hostile Phantom
37%
Passif Tatou
37%
Passif Allay
34%
Passif Cheval-squelette
33%
Hostile Vex
32%
Passif Axolotl
30%
Passif Arpenteur
29%
Hostile Zombie-villageois
29%
Hostile Cheval-zombie
28%
Hostile Zombie momifié
27%
Passif Marchand ambulant
26%
Hostile Vindicateur
26%
Neutre Araignée venimeuse
25%
Hostile Évocateur
24%
Hostile Piglin barbare
23%
Hostile Ravageur
22%
Passif Têtard
22%
Passif Renifleur
21%
Hostile Vagabond
21%
Hostile Zoglin
20%
Passif Champimeuh
19%
Hostile Grand gardien
18%
Neutre Nautile
17%
Passif Ghast joyeux
16%
Passif Poulpe luisant
16%
Hostile Breeze
11%
Hostile Dromadaire momifié
8%
Hostile Embourbé
8%
Neutre Nautile-zombie
7%
Hostile Desséché
6%
Hostile Grinceur
6%
Aucun quiz correspondant
Distribution des résultats
% des personnes avec chaque résultat
Percentile par nombre de réponses
Votre historique - résultats
Vous n’avez pas pris ce quiz depuis la dernière actualisation